| 000 | 02461nam a2200529Ii 4500 | ||
|---|---|---|---|
| 001 | DIGPUVAL0004 | ||
| 003 | NyNyDIG | ||
| 008 | 150801t20082008sp b ob 000 0 spa d | ||
| 006 | m o d | ||
| 007 | cr ||||||||||| | ||
| 035 | _a(OCoLC)991998551 | ||
| 040 |
_aDGITA _beng _erda _epn _cDGITA |
||
| 020 |
_a9788437084121 _q(eBook) |
||
| 020 |
_a9788437071053 _qUniversitat de València |
||
| 020 |
_a8437071054 _qUniversitat de València |
||
| 020 |
_a9788433848536 _qUniversidad de Granada |
||
| 020 |
_a8433848534 _qUniversidad de Granada |
||
| 020 |
_a9788477333319 _qUniversidad de Zaragoza |
||
| 020 |
_a8477333319 _qUniversidad de Zaragoza |
||
| 043 | _ae-sp--- | ||
| 050 | 1 | 4 | _aDP302.V22 eBook |
| 100 | 1 |
_aHalperín Donghi, Tulio, _eauthor. |
|
| 245 | 1 | 3 |
_aUn conflicto nacional : _bmoriscos y cristianos viejos en Valencia / _cTulio Halperin Donghi. |
| 250 | _aPrimera edición. | ||
| 264 | 1 |
_aValencia : _bPublicacions de la Universitat de València ; _aZaragoza : _bServicio de Publicaciones de la Universidad de Zaragoza ; _aGranada : _bEditorial Universidad de Granada, _c2008. |
|
| 264 | 4 | _c©2008 | |
| 300 |
_a1 online resource (272 pages): _bmaps. |
||
| 336 |
_atext _btxt _2rdacontent |
||
| 337 |
_acomputer _bc _2rdamedia |
||
| 338 |
_aonline resource _bcr _2rdacarrier |
||
| 490 | 1 |
_aBiblioteca de estudios moriscos ; _v4 |
|
| 500 | _aOriginally published in 1980. | ||
| 504 | _aIncludes bibliographical references (pages 267-272). | ||
| 588 | 0 | _aOnline resource; title from PDF title page (Digitalia, viewed July 8, 2015) | |
| 650 | 0 |
_aMoriscos _zSpain _zValencia (Region) _xHistory _y16th century. |
|
| 650 | 0 |
_aChristians _zSpain _zValencia (Region) _xHistory _y16th century. |
|
| 651 | 0 |
_aValencia (Spain : Region) _xEthnic relations. |
|
| 650 | 0 |
_aEthnic relations _xReligious aspects. |
|
| 655 | 0 | _aElectronic books. | |
| 791 | 2 |
_aDigitalia (Firm), _edistributor. |
|
| 793 | 0 |
_gDigitalia eBook Collection: _aUniversitat de València. |
|
| 776 | 0 | 8 |
_iPrint version: _aHalperín Donghi, Tulio. _tConflicto nacional. _dValencia : Publicacions de la Universitat de València ; Zaragoza : Servicio de Publicaciones de la Universidad de Zaragoza ; Granada : Editorial Universidad de Granada, 2008. _z9788437071053 _w(OCoLC)388444923 |
| 830 | 0 |
_aBiblioteca de estudios moriscos ; _v4. |
|
| 856 | 4 | 0 |
_3Digitalia Hispánica _uhttps://www.digitaliapublishing.com/a/34629/ |
| 910 | _aPremium Collection: 2015 | ||
| 942 | _cRAA | ||
| 999 |
_c242510 _d242510 |
||